<?xml version="1.0" encoding="UTF-8"?><?xml-stylesheet type="text/xsl" href="static/style.xsl"?><OAI-PMH xmlns="http://www.openarchives.org/OAI/2.0/" xmlns:xsi="http://www.w3.org/2001/XMLSchema-instance" xsi:schemaLocation="http://www.openarchives.org/OAI/2.0/ http://www.openarchives.org/OAI/2.0/OAI-PMH.xsd"><responseDate>2026-04-28T19:40:12Z</responseDate><request verb="GetRecord" identifier="oai:uvadoc.uva.es:10324/8603" metadataPrefix="marc">https://uvadoc.uva.es/oai/request</request><GetRecord><record><header><identifier>oai:uvadoc.uva.es:10324/8603</identifier><datestamp>2025-02-13T12:09:16Z</datestamp><setSpec>com_10324_1133</setSpec><setSpec>com_10324_931</setSpec><setSpec>com_10324_894</setSpec><setSpec>col_10324_1209</setSpec></header><metadata><record xmlns="http://www.loc.gov/MARC21/slim" xmlns:doc="http://www.lyncode.com/xoai" xmlns:xsi="http://www.w3.org/2001/XMLSchema-instance" xmlns:dcterms="http://purl.org/dc/terms/" xsi:schemaLocation="http://www.loc.gov/MARC21/slim http://www.loc.gov/standards/marcxml/schema/MARC21slim.xsd">
<leader>00925njm 22002777a 4500</leader>
<datafield tag="042" ind1=" " ind2=" ">
<subfield code="a">dc</subfield>
</datafield>
<datafield tag="720" ind1=" " ind2=" ">
<subfield code="a">García del Pozo, Javier</subfield>
<subfield code="e">author</subfield>
</datafield>
<datafield tag="720" ind1=" " ind2=" ">
<subfield code="a">Isusi Lomas, Laura</subfield>
<subfield code="e">author</subfield>
</datafield>
<datafield tag="720" ind1=" " ind2=" ">
<subfield code="a">Carvajal García-Pando, Alfonso</subfield>
<subfield code="e">author</subfield>
</datafield>
<datafield tag="720" ind1=" " ind2=" ">
<subfield code="a">Martín Rodríguez, Igor</subfield>
<subfield code="e">author</subfield>
</datafield>
<datafield tag="720" ind1=" " ind2=" ">
<subfield code="a">Sáinz Gil, María</subfield>
<subfield code="e">author</subfield>
</datafield>
<datafield tag="720" ind1=" " ind2=" ">
<subfield code="a">García del Pozo, Victorina</subfield>
<subfield code="e">author</subfield>
</datafield>
<datafield tag="720" ind1=" " ind2=" ">
<subfield code="a">Velasco Martín, Alfonso</subfield>
<subfield code="e">author</subfield>
</datafield>
<datafield tag="260" ind1=" " ind2=" ">
<subfield code="c">2003</subfield>
</datafield>
<datafield tag="520" ind1=" " ind2=" ">
<subfield code="a">Fundamento: A lo largo de la última década se han introducido&#xd;
nuevos fármacos y nuevos abordajes terapéuticos que permiten suponer&#xd;
cambios en la utilización de antipsicóticos en nuestro medio. El&#xd;
objetivo del presente estudio fue caracterizar el patrón de utilización&#xd;
de antipsicóticos en Castilla y León para el periodo 1990-2001 así&#xd;
como conocer la influencia que la introducción de los nuevos antipsicóticos&#xd;
ha podido tener en el patrón de consumo de estos fármacos.&#xd;
Métodos: Los datos de consumo de medicamentos se obtuvieron&#xd;
de la base de datos ECOM (Especialidades Consumo de Medicamentos)&#xd;
del Ministerio de Sanidad y Consumo. Esta base contiene información&#xd;
sobre el consumo de medicamentos dispensados con cargo al&#xd;
Sistema Nacional de Salud en farmacias comunitarias en todo el territorio&#xd;
nacional. Con el fin de estimar el consumo fuera del Sistema&#xd;
Nacional de Salud, se han utilizado datos de la empresa IMS (International&#xd;
Marketing Services) referidos a los años 2000 y 2001. Los datos&#xd;
se expresaron en Dosis Diarias Definidas por 1.000 habitantes y día.&#xd;
Resultados: El uso de antipsicóticos creció un 146 % desde&#xd;
1990 al 2001. A lo largo del periodo estudiado, haloperidol ha sido el&#xd;
antipsicótico más utilizado en España y en Castilla y León. Los&#xd;
antipsicóticos atípicos representaron un 49% del consumo total en el&#xd;
año 2001 y un 90% de los costes; se observa una fuerte tendencia&#xd;
hacia un aumento de su consumo en detrimento de los antipsicóticos&#xd;
típicos. Se ha estimado que un 14% de los antipsicóticos utilizados&#xd;
en Castilla y León lo fue fuera del Sistema Nacional de Salud. Existen&#xd;
notables diferencias entre las distintas provincias.&#xd;
Conclusiones: El consumo de antipsicóticos en Castilla y León&#xd;
creció un 146% durante los 12 años estudiados. En este incremento,&#xd;
la oferta de nuevos antipsicóticos atípicos y las medidas legales relacionadas&#xd;
con la desinstitucionalización de los enfermos mentales&#xd;
han podido jugar un papel importante. La introducción en el mercado&#xd;
de los nuevos antipsicóticos ha modificado el patrón de uso de los&#xd;
mismos y ha ocasionado un incremento en los costes directos. El&#xd;
consumo sin cargo al Sistema Nacional de Salud</subfield>
</datafield>
<datafield tag="024" ind2=" " ind1="8">
<subfield code="a">Revista  Española de Salud Pública 2003; 77(6): 725-733</subfield>
</datafield>
<datafield tag="024" ind2=" " ind1="8">
<subfield code="a">1135-5727</subfield>
</datafield>
<datafield tag="024" ind2=" " ind1="8">
<subfield code="a">http://uvadoc.uva.es/handle/10324/8603</subfield>
</datafield>
<datafield tag="024" ind2=" " ind1="8">
<subfield code="a">10.1590/S1135-57272003000600006</subfield>
</datafield>
<datafield tag="024" ind2=" " ind1="8">
<subfield code="a">725</subfield>
</datafield>
<datafield tag="024" ind2=" " ind1="8">
<subfield code="a">6</subfield>
</datafield>
<datafield tag="024" ind2=" " ind1="8">
<subfield code="a">733</subfield>
</datafield>
<datafield tag="024" ind2=" " ind1="8">
<subfield code="a">Revista  Española de Salud Pública</subfield>
</datafield>
<datafield tag="024" ind2=" " ind1="8">
<subfield code="a">77</subfield>
</datafield>
<datafield ind1=" " ind2=" " tag="653">
<subfield code="a">Psicofarmacología</subfield>
</datafield>
<datafield tag="245" ind1="0" ind2="0">
<subfield code="a">Evolución del consumo de fármacos antipsicóticos en Castilla y León (1990-2001)</subfield>
</datafield>
</record></metadata></record></GetRecord></OAI-PMH>